| 000 | 02596nam a2200229 i 4500 | ||
|---|---|---|---|
| 001 | Rebiun37478658 | ||
| 008 | 250131s2025 sp ao gr 001 0 spa d | ||
| 017 | _aDL : M-25895-2024 | ||
| 020 | _a9788419414540 | ||
| 040 |
_aUVA _ctbs _bENG |
||
| 041 | _aSpanish | ||
| 100 |
_aLevi, Andrea _925540 |
||
| 245 | 1 | 3 |
_aLa genética de los recuerdos _b: Cómo la vida se convierte en memoria _c/ Andrea Levi ; [Traducción y edición de Antonio Cuesta] |
| 260 |
_aCórdoba : _bGuadalmazán, _c2025 |
||
| 300 |
_a186 pages: _c24 cm |
||
| 490 | _aColección Divulgación científica | ||
| 520 | _a¿Qué son los recuerdos? ¿Para qué sirven? ¿Cómo se construyen y logran persistir mientras la materia que los sustenta cambia sin cesar? Los recuerdos son las huellas que la vida deja al pasar, trazos fugaces que convierten el ayer en algo tangible. Este libro parte de esta idea esencial para adentrarse en los fragmentos de la memoria, explorando cómo el pasado se reencarna en el presente. Andrea Levi desvela el misterioso nexo entre lo más etéreo de nuestro ser --la memoria-- y lo más diminuto --nuestras células--. A través de la neurobiología, el libro revela la vida secreta de los recuerdos, tejidos por neuronas que dialogan, conservan, transforman e incluso transmiten memorias. Desde el fascinante caso del paciente h. m. hasta los versos de Orlando furioso, desde la epigenética hasta la poesía de un charco saltado en la infancia, ciencia y vida cotidiana se entrelazan para iluminar el arte de recordar... y olvidar | ||
| 520 | _aWhat are memories? What purpose do they serve? How are they formed and how do they endure, even as the matter that sustains them is in constant flux? Memories are the traces life leaves behind—fleeting impressions that make the past something we can hold onto. This book begins with that essential idea, delving into the fragments of memory and exploring how the past is continually reborn in the present. Andrea Levi unveils the mysterious link between the most intangible part of our being—memory—and the tiniest of elements—our cells. Drawing on neurobiology, the book reveals the secret life of memories: woven by neurons that speak to one another, preserve, reshape, and even transmit our recollections. From the fascinating case of patient H.M. to the verses of Orlando Furioso, from epigenetics to the poetry of a puddle jumped in childhood, science and everyday life intertwine to shed light on the art of remembering… and forgetting. | ||
| 650 | 1 | 0 |
_aMemory _99634 |
| 650 | 1 | 0 |
_aNeurosciences _911153 |
| 942 | _2lcc | ||
| 999 |
_c4779 _d4779 |
||